| Поле | Название | Значение |
| |
Тип записи |
a |
| |
Библиографический уровень |
m |
| 001 |
Контрольный номер |
RU/IS/BASE/348160612 |
| 005 |
Дата корректировки |
20180512104001.5 |
| 010 |
Индекс ISBN |
__ |
| a |
ISBN |
978-5-91670-040-4 |
| d |
Цена |
184-76 |
| 101 |
Язык документа |
0_ |
| a |
Язык текста |
rus |
| 200 |
Заглавие и сведения об ответственности |
1_ |
| a |
Заглавие |
Региональная библиотечно-информационная система: аспекты формирования |
| e |
Сведения, относящиеся к заглавию |
научно-метод. пособие |
| f |
Первые сведения об ответственности |
М. А. Корогод, И. Н. Басамыгина |
| 210 |
Выходные данные |
__ |
| a |
Место издания |
Москва |
| c |
Издательство |
[Литера] |
| d |
Дата издания |
2010 |
| 215 |
Физическое описание |
__ |
| a |
Объем |
96 с. |
| c |
Иллюстрации/тип воспроизводства |
ил., схем. |
| 225 |
Серия (Журнальная рубрика) |
__ |
| a |
Серия (Журнальная рубрика) |
Серия "Современная библиотека" |
| h |
Номер части |
Вып. 72 |
| 318 |
Примечание о действии |
__ |
| a |
Действие |
п |
| 330 |
Аннотация |
__ |
| a |
Аннотация |
Рассматривается понятие региональной библиотечно-информационной системы (РБИС), цели и задачи ее создания, особенности построения организационно-функциональной структуры, представлены обобщенные сведения по стандартизации и унификации формата ввода библиографических данных в электронные каталоги. Предложены методические рекомендации по организации библиотечных работ в условиях РБИС с использованием программного продукта АС «Библиотека-3». Для работников библиотек и информационных служб, преподавателей, аспирантов и студентов, факультетов учебных заведений, изучающих библиотечно-информационные технологии. |
| 606 |
Тематические рубрики |
__ |
| a |
Основная рубрика |
Библиотечное дело |
| 606 |
Тематические рубрики |
__ |
| a |
Основная рубрика |
Организация библиотечного дела |
| 610 |
Ключевые слова |
__ |
| a |
Ключевые слова |
региональные библиотечно-информационные системы |
| 610 |
Ключевые слова |
__ |
| a |
Ключевые слова |
РБИС |
| 610 |
Ключевые слова |
__ |
| a |
Ключевые слова |
АС "Библиотека-3" |
| 610 |
Ключевые слова |
__ |
| a |
Ключевые слова |
модуль "WWW менеджер" |
| 610 |
Ключевые слова |
__ |
| a |
Ключевые слова |
модуль "Комплектование" |
| 610 |
Ключевые слова |
__ |
| a |
Ключевые слова |
модуль "Каталогизатор" |
| 686 |
Индексы других классификаций |
__ |
| a |
Индекс ББК |
78.34(2Рос) |
| 700 |
Автор |
_1 |
| a |
Фамилия |
Корогод |
| b |
Имя |
М. А. |
| g |
Полное личное имя |
Максим Анатольевич |
| 701 |
Альтернативная интеллектуальная ответственность (другие авторы) |
_1 |
| a |
Фамилия |
Басамыгина |
| b |
Имя |
И. Н. |
| g |
Полное личное имя |
Ирина Николаевна |
| 801 |
Источник записи |
_0 |
| a |
Страна |
RU |
| b |
Организация |
Сургутская Центральная районная библиотека |
| g |
Правила каталогизации |
ОКиО/Кашаева |
| 801 |
Источник записи |
_1 |
| a |
Страна |
RU |
| b |
Организация |
Сургутская Центральная районная библиотека |
| g |
Правила каталогизации |
ОКиО/Кашаева |
| 852 |
Данные о местонахождении |
__ |
| j |
Шифр хранения |
78.34 |
| i |
Авторский знак |
К 68 |
| b |
Сигла хранения |
МО |
| 901 |
Тип документа |
_0 |
| t |
Тип документа |
m |
| 905 |
Дата создания БЗ |
__ |
| a |
Дата создания БЗ |
2011.01.12 |
| 990 |
Данные о заказе (DOS) |
__ |
| h |
N записи в КСУ для Б/У (DOS) |
2011-1 |
| j |
Количество экземпляров (DOS) |
1 |